<?xml version="1.0" encoding="UTF-8"?>
<record
    xmlns:xsi="http://www.w3.org/2001/XMLSchema-instance"
    xsi:schemaLocation="http://www.loc.gov/MARC21/slim http://www.loc.gov/standards/marcxml/schema/MARC21slim.xsd"
    xmlns="http://www.loc.gov/MARC21/slim">

  <leader>01646nas a2200277Ia 4500</leader>
  <controlfield tag="001">R200-R1863</controlfield>
  <controlfield tag="003">IT-CnALBA</controlfield>
  <controlfield tag="008">170116c99999999xx ||||||||||||   ||und||</controlfield>
  <datafield tag="040" ind1=" " ind2=" ">
    <subfield code="a">IT-CnALBA</subfield>
    <subfield code="c">IT-CnALBA</subfield>
  </datafield>
  <datafield tag="041" ind1=" " ind2=" ">
    <subfield code="a">ITALIANO</subfield>
  </datafield>
  <datafield tag="100" ind1=" " ind2=" ">
    <subfield code="a">SEMERARO MARCELLO</subfield>
  </datafield>
  <datafield tag="210" ind1=" " ind2=" ">
    <subfield code="a">RIVISTA DI SCIENZE RELIGIOSE</subfield>
  </datafield>
  <datafield tag="222" ind1=" " ind2=" ">
    <subfield code="a">RIVISTA DI SCIENZE RELIGIOSE</subfield>
  </datafield>
  <datafield tag="245" ind1=" " ind2="0">
    <subfield code="a">RIVISTA DI SCIENZE RELIGIOSE. N. II. ANNO I. 1987 (2) </subfield>
  </datafield>
  <datafield tag="250" ind1=" " ind2=" ">
    <subfield code="a">1a ed.</subfield>
  </datafield>
  <datafield tag="260" ind1=" " ind2=" ">
    <subfield code="a"> MOLFETTA (BA)</subfield>
    <subfield code="b">SEMINARIO PONT. REG. PIO XI </subfield>
    <subfield code="c">1987</subfield>
  </datafield>
  <datafield tag="300" ind1=" " ind2=" ">
    <subfield code="a">230 p. </subfield>
  </datafield>
  <datafield tag="310" ind1=" " ind2=" ">
    <subfield code="a">SEMESTRALE</subfield>
  </datafield>
  <datafield tag="362" ind1=" " ind2=" ">
    <subfield code="a">Fascicolo: 2 / Anno: 1 (1987)</subfield>
  </datafield>
  <datafield tag="500" ind1=" " ind2=" ">
    <subfield code="a">CAMMINO DI MARIA CON LA CHIESA. MARIA E LA TRINIT&#xC0;. EDITORIALE. QUESTIONE METAETICA. CRISTOLOGIA DI K. BARTH. TEMI AGOSTINIANI NEL PENSIERO DELLA STORIA CONTEMPORANEA. EMMANUEL WILHELM PENSATORE E POLITICO SOCIALE. ESEGESI BIBLICA. BAMBINI E MORTE. DAL CONCILIO, OLTRE IL CONCILIO. RELIGIONE NEL SUD. MEMORIA E SPERANZA. VOCAZIONI SACERDOTALI. BIOETICA. COZZOLI M. MACUCCI M. VALLI D. VALASEK E. PRINI P. </subfield>
  </datafield>
  <datafield tag="501" ind1=" " ind2=" ">
    <subfield code="a">Societ&#xE0; San Paolo EM - Piazza San Paolo, 14 - 12051 ALBA (CN)  (non commercial uses only) &#xAE; Copyright 2017</subfield>
  </datafield>
  <datafield tag="520" ind1=" " ind2=" ">
    <subfield code="a">CAMMINO DI MARIA CON LA CHIESA. MARIA E LA TRINIT&#xC0;. EDITORIALE. QUESTIONE METAETICA. CRISTOLOGIA DI K. BARTH. TEMI AGOSTINIANI NEL PENSIERO DELLA STORIA CONTEMPORANEA. EMMANUEL WILHELM PENSATORE E POLITICO SOCIALE. ESEGESI BIBLICA. BAMBINI E MORTE. DAL CONCILIO, OLTRE IL CONCILIO. RELIGIONE NEL SUD. MEMORIA E SPERANZA. VOCAZIONI SACERDOTALI. BIOETICA. COZZOLI M. MACUCCI M. VALLI D. VALASEK E. PRINI P. </subfield>
  </datafield>
  <datafield tag="650" ind1=" " ind2=" ">
    <subfield code="a">MISCELLANEA DI RELIGIONE</subfield>
  </datafield>
  <datafield tag="942" ind1=" " ind2=" ">
    <subfield code="c">CR</subfield>
  </datafield>
  <datafield tag="957" ind1=" " ind2=" ">
    <subfield code="7">1</subfield>
  </datafield>
  <datafield tag="999" ind1=" " ind2=" ">
    <subfield code="a">11841</subfield>
    <subfield code="b">NO</subfield>
    <subfield code="g">1</subfield>
    <subfield code="c">319938</subfield>
    <subfield code="d">319938</subfield>
  </datafield>
  <datafield tag="952" ind1=" " ind2=" ">
    <subfield code="0">0</subfield>
    <subfield code="1">0</subfield>
    <subfield code="4">0</subfield>
    <subfield code="6">R_200R1863</subfield>
    <subfield code="7">1</subfield>
    <subfield code="a">ALBA</subfield>
    <subfield code="b">ALBA</subfield>
    <subfield code="d">2017-01-16</subfield>
    <subfield code="l">0</subfield>
    <subfield code="o">R200-R1863</subfield>
    <subfield code="r">2017-01-16 00:00:00</subfield>
    <subfield code="w">2017-01-16</subfield>
    <subfield code="y">CR</subfield>
    <subfield code="z">(data import: 16 gennaio 2017) - By Epidotti, Vaglietti. </subfield>
  </datafield>
</record>
